Série Un village français 4 - Les épisodes - Statistiques

Statistiques générales
  • Ce quiz a été pris 11 fois
  • Le résultat moyen est 38 sur 72
Statistiques - réponses
Saison Indice 1 Indice 2 Date Titre % Correct
1 D Déchargement 12 juin 1940 Le {Débarquement}
89%
1 N Black 7 novembre 1940 Marchés {noirs}
89%
2 M Fin 10 mars 1941 Danger de {Mort}
78%
2 C Trucs 12 février 1941 La leçon de {choses}
78%
4 L Sortie 25 juillet 1942 La {Libération}
78%
6 L Emancipation 6 septembre 1944 {Libération}
78%
7 O Mois 1945 - 1948 - 1953 - 1960 - 1975 - 2003 28 {octobre} 01
67%
4 B Bisous 11 novembre 1942 {Baisers} volés
67%
7 M Paroi 15 novembre 1945 Derrière le {mur}
67%
3 J Danse 25 octobre 1941 La {Java} bleue
67%
6 D Envie 4 septembre 1944 La loi du {désir}
67%
5 A Région 11 novembre 1943 L'{Alsace} et la Lorraine
67%
3 C Sélection 27 octobre 1941 Le {Choix}
67%
3 A Révolver... 23 octobre 1941 Le choix des {armes}
67%
5 J Lueur 12 novembre 1943 Le {jour} d'après
67%
6 P Viaduc 26 août 1944 Le {Pont}
67%
6 P Jugement 2 septembre 1944 Le {Procès}
67%
7 M Souvenir 19 novembre 1945 Les devoirs de {mémoire}
67%
7 Q Deux, trois... 18 novembre 1945 Les {quatre} du maquis
67%
5 T Un, deux... 9 novembre 1943 Les {trois} coups
67%
3 S Confidence 28 septembre 1941 Le temps des {secrets}
67%
4 T Sur rails 20 juillet 1942 Le {Train}
67%
3 T Judas 31 octobre 1941 Le {Traître}
67%
6 H Mâle 29 août 1944 L'{Homme} sans nom
67%
4 M 10 x 100 22 juillet 1942 {Mille} et une nuits
67%
3 P Géniteur 17 octobre 1941 Notre {Père}
67%
3 A Sentiment fort 29 octobre 1941 Par {amour}
67%
6 P Capitale 25 août 1944 {Paris} libéré
67%
1 L Trait 30 septembre 1940 Passez la {ligne}
67%
7 P Détenus 1945 - 1953 -1975 - 2003 {Prisonniers} de guerre
67%
3 N Patronyme 28 octobre 1941 Quel est votre {nom} ?
67%
3 C Dénombrement 1er novembre 1941 Règlements de {comptes}
67%
7 R Voie 17 novembre 1945 {Rue} Marcel-Larcher
67%
1 C Azur 15 octobre 1940 Sur la terre comme au {ciel}
67%
4 P Attraper 10 novembre 1942 Tel est pris qui croyait {prendre}
67%
3 D Un et un 26 octobre 1941 Une chance sur {deux}
67%
2 J Israélite 4 mars 1941 Votre nom fait un peu {juif}
67%
1 F Glacé 11 novembre 1940 Coup de {froid}
56%
2 L Jeu de hasard 10 janvier 1941 La {Loterie}
56%
3 P Cachette 19 octobre 1941 La {Planque}
56%
7 C Calepin 16 novembre 1945 Le {Carnet}
56%
2 G Faveur 11 mars 1941 Le coup de {grâce}
56%
6 C Fin de jour 3 septembre 1944 Le {crépuscule} avant la nuit
56%
6 G Ensemble 1er septembre 1944 Le {Groupe}
56%
5 O Contraint 23 septembre 1943 Travail {obligatoire}
56%
7 T Galerie 20 novembre 1945 Au bout du {tunnel}
44%
4 A Prénom 12 novembre 1942 Des nouvelles d'{Anna}
44%
5 A Capture 26 octobre 1943 L'{Arrestation}
44%
7 V Inauguration 1945 - 1953 - 1975 - 2003 Le {Vernissage}
44%
6 Q Bordure 28 août 1944 Sur le {quai}
44%
5 N Apparition 10 novembre 1943 Un acte de {naissance}
44%
4 P Flûte 21 juillet 1942 Un jour sans {pain}
44%
4 F Limite 14 novembre 1942 La {Frontière}
33%
4 S Piège 13 novembre 1942 La {Souricière}
33%
5 A Anneaux 24 septembre 1943 Le jour des {alliances}
33%
5 C Tête 25 septembre 1943 Naissance d'un {chef}
33%
3 L Souverain 20 octobre 1941 Si j'étais {libre}
33%
6 E Boum 1er septembre 1944 Une {explosion}
33%
7 R Primaire 1945 - 1948 - 1953 - 1960 - 1975 - 2003 Un petit coup de {rouge}
33%
5 S Direction 13 novembre 1943 Un {sens} au monde
33%
1 C Confusion 24 juin 1940 {Chaos}
22%
6 C Lien 27 août 1944 La {Corde}
22%
5 R Redite 25 octobre 1943 La {Répétition}
22%
5 D Changement 27 octobre 1943 Le {Déménagement}
22%
7 E Chargement 1945 - 1953 - 1975 - 2003 L'{Embarquement}
22%
2 E Promesse 5 février 1941 L'{Engagement}
22%
4 V Hôte 9 novembre 1942 Le {Visiteur}
22%
4 E Fuite 23 juillet 1942 Une {évasion}
22%
6 A Incarcération 5 septembre 1944 {Arrestations}
11%
5 L Remise 8 novembre 1943 La {Livraison}
11%
4 M Travail 24 juillet 1942 La {Mission}
11%
7 G Plage 1945 - 1953 - 1960 - 1975 - 2000 - 2003 Sur la {grève}
11%
Aucun quiz correspondant
Distribution des résultats
% des personnes avec chaque résultat
Percentile par nombre de réponses
Votre historique - résultats
Vous n’avez pas pris ce quiz